MDQL
is popping MORE tags! Check the
thread
!
Quizzes
Events
Quiz Creation
Community
Videos
Private Events
Remove Ads
Sign In
Join for FREE
Feedback
Dark Mode
Quiz Categories
Sports
Geography
Music
Movies
Television
Just For Fun
Miscellaneous
History
Literature
Language
Science
Gaming
Entertainment
Religion
Holiday
For Kids
Quiz Lab
Recent
Popular Today
Quiz Kudos Today
Editor Picks
Curator Picks
Quizzes by...
Day
Popularity
Type
Ratings
Length
Year
Community
Subscriptions
Recent Discussions
Orange Saloon
Badges
Playlists
Quests
Create
Leaderboards
Showdown
Live 5
Trivia Bingo
Activity
Puzzle Library
Sporcle Events
Private Events
Virtual Trivia
Globe League
Become a Host
Pub Owners
SporcleCon
Opinionation
Our Games
Videos
Blog
Mobile Apps
Partnerships
Remove Ads and Go Orange
Feedback
Sports
Athletes
MLB
NBA
NHL
NFL
Soccer
Sports Teams
WWE
NCAA
Football
Premier League
Basketball
Baseball
Hockey
Golf
Tennis
Cricket
Rugby
Auto Racing
Olympics
World Cup
Sports
Athletes
MLB
NBA
NHL
NFL
Soccer
Sports Teams
WWE
NCAA
Football
Premier League
Basketball
Baseball
Hockey
Golf
Tennis
Cricket
Rugby
Auto Racing
Olympics
World Cup
Random Quiz
Search Sporcle
×
Quiz Lab
Quiz Lab
Sports
Premier League
Type in answers that appear in a list
Type in answers that appear in a list
Classic
Best Score? Go Orange.
Record transfer fee received for by Premiership club Stats
Can you name the Record transfer fee received by Premiership club?
By
further
8m
20 Questions
589 Plays
589 Plays
589 Plays
Comments
Comments
Give Quiz Kudos
Give Quiz Kudos
-
- Ratings
hide this ad
More Info
Replay
Link that replays current quiz
Next Quiz
Link to next quiz in quiz playlist
You Got
0%
They Got
Avg Score
52%
Avg Friend Score
Upgrade to see
Score Distribution
Jump to the score distribution portion of the page
Score
0/20
Timer
08:00
0
Plays Today
Club (Year)
Player
% Correct
Everton (2017)
Romelu Lukaku
88.1%
Leicester City (2019)
Harry Maguire
85.2%
Newcastle United (2011)
Andy Carroll
76.6%
Fulham (2019)
Ryan Sessegnon
75%
Arsenal (2017)
Alex Oxlade-Chamberlain
74.7%
Chelsea (2019)
Eden Hazard
71.6%
Southampton (2018)
Virgil van Dijk
68.6%
Aston Villa (2021)
Jack Grealish
68.1%
Manchester City (2020)
Leroy Sane
53.3%
West Ham United (2017)
Dimitri Payet
50.4%
Club (Year)
Player
% Correct
Leeds United (2022)
Kalvin Phillips
47.7%
Crystal Palace (2019)
Aaron Wan-Bissaka
46.9%
Brentford (2020)
Ollie Watkins
46%
Wolverhampton Wanderers (2020)
Diogo Jota
39.7%
Liverpool (2018)
Phillipe Coutinho
38.4%
Brighton & Hove Albion (2020)
Anthony Knockaert
36.2%
Bournemouth (2020)
Nathan Ake
28.9%
Tottenham Hotspur (2013)
Gareth Bale
26.7%
Manchester United (2009)
Cristiano Ronaldo
18%
Nottingham Forest (2017)
Britt Assombalonga
3.9%
Quiz Playlist
Details
Report
Send in Message
Add To Playlist
More Info:
* denotes estimated transfer fee. Please provide feedback, thanks!
Classic:
Type in answers that appear in a list
Last Updated: Jul 10, 2022
Quiz Scoreboard
CHALLENGE
Sign Up to Join the Scoreboard
Show All
Scores
Hide
Comments
May contain spoilers
Recently Published
1-10 Letter E Words III
by El_Dandy
Language
2m
Street Fighter Characters
by Artimus82
Gaming
60s
College Basketball Coaching Resumes
by pancakes188
Sports
9m
More to Explore
Quiz From the Vault
Featured Blog Post
Where Did the Easter Bunny Come From?
hide this ad
You Might Also Like...
Tags
Football Quiz
Premier League Quiz
Arsenal
Chelsea
Everton
Leeds United
Liverpool
Manchester City
Manchester United
Newcastle United
Tottenham Hotspur
West Ham United
Today's Top Quizzes in Sports
Browse Sports
hide this ad
Today's Top Quizzes in Premier League
Browse Premier League
Top Contributed Quizzes in Sports
1
2022 World Cup Stars
2
Les meilleurs buteurs des matchs entre le PSG et l’OM
3
FIFA Club World Cup Champions
4
Les entraîneurs de l'OM et du PSG au 21e siècle
5
Criteria MLB: Left Handed Sluggers
6
2023 MLB Unique Player Accomplishments
7
AFC Teams Reveal (Wrong Answers Minefield)
8
Players with Multiple 50 Home Run Seasons
9
5-to-1: FBS Animal Nicknames
10
5-to-1: UK Sports Teams
Explore More
Trending Topics
Crossword
Marvel
Anime
NBA
Harry Potter
Disney
Kpop
Song
WWE
NFL
Puzzle
Soccer
The Office
Pokémon
Country
hide this ad
More By:
further
Quiz
Plays
Rating
Category
Featured
Created
20th Century Clicks
152,487
4.64
History
May 15, 2012
Untimely Deaths
108,633
4.48
History
May 16, 2012
British History Match
87,510
4.61
History
May 14, 2012
English Football League Grounds (clickable)
4,969
4.69
Sports
May 13, 2012
Premier League 2011-12 final positions (clickable)
1,419
4.11
Sports
May 14, 2012
Go to Creator's Profile
Score Distribution
Quiz Creator Spotlight
further
Follow
Send a Message
Quizzes Created
-
Created Quiz Play Count
-
More By This Creator
Popular Quizzes Today
1
Find the US States - No Outlines Minefield
2
Find the Countries of Europe - No Outlines Minefield
3
The Countries of the World
4
Find the US States
5
Risky Map Clicking: Biggest States A-Z
6
US States
7
Popular People in 1961
8
Movies - When Are They Set?
More Sports Quizzes
West Indies Test Cricket XI 2000-2008
Quiz Lab
Trending Quizzes
Risky Map Clicking: Least Populous States A-Z
Billboard Blitz: Aretha Franklin
Famous Russians: Author or Composer?
Countries of the World: 200 Million BC
1-10 Letter G Words
Recently Updated
Leaping Animals
pecheneg
Reality TV Shows (A-Z)
bhenderson79
Rickey Henderson's Hall of Fame Teammates
pecheneg
Champions League XIs: Arsenal
pecheneg
Quick Pick: Celebrities in WWE's Hall of Fame
aduchscher
A-Z Keypad Blitz II
pecheneg
Multiple Oscar Actors
pecheneg
Mystery Phrase Blitz: Oscar 'Best Actors'
pecheneg
F. Scott Fitzgerald Novels
LTH
Pick 3 Villains
ddd62291
Trending Topics
Kpop
Disney
Anime
Marvel
NBA
Harry Potter
Crossword
WWE
Pokémon
NFL
Song
The Office
Country
Puzzle
Soccer
Your Account Isn't Verified!
In order to create a playlist on Sporcle, you need to verify the email address you used during registration. Go to your
Sporcle Settings
to finish the process.
Report this User
Report this user for behavior that violates our
Community Guidelines
.
Details:
Send Report
Go to the Sporcle.com Mobile Site →
Comments